Normal view MARC view

Entry Meeting Name

Number of records used in: 1

001 - CONTROL NUMBER

  • control field: 5424

003 - CONTROL NUMBER IDENTIFIER

  • control field: OSt

005 - DATE AND TIME OF LATEST TRANSACTION

  • control field: 20211105132647.0

008 - FIXED-LENGTH DATA ELEMENTS

  • fixed length control field: 211105|| aca||aabn | a|a d

040 ## - CATALOGING SOURCE

  • Original cataloging agency: OSt
  • Transcribing agency: OSt

111 ## - HEADING--MEETING NAME

  • Meeting name or jurisdiction name as entry element: Colloquium on ate-type stars
  • Location of meeting: Trieste
  • Date of meeting or treaty signing: 1966 June 13-17

670 ## - SOURCE DATA FOUND

  • Source citation: Work cat.: (OSt): Colloquium on ate-type stars Trieste 1966 June 13-17, Colloquium on late-type stars, 1966

Powered by Koha